000
00302nam a2200133Ia 4500
008
191201s2011 xx 000 0 und d
100
_a
GUPTA,Shashi,K
245
0
_a
Financial Services
250
_a
3rd
260
_c
2011
_b
kalayani pub
_a
N. delhi
300
_a
misc
650
_a
MBA
942
_2
ddc
_c
BB
999
_c
7438
_d
7438